01937nam a22002894aa4500003000800000005001700008008004100025040003000066041000800096044000700104082001900111100004600130245019600176260002400372300004200396500003600438502017600474520083400650651002001484653000901504653001901513653000901532653002701541700004701568942001501615999001701630BOFEUTO20260626115021.0260611t2025 bo gr 000 f spa d 6BOFEUTOaBOFEUTOcBOFEUTO aspa abo aTE6325bAr686a aArgandoña Hurtado, Adriana Graceeautor aAnálisis de perdidas en micromedición del consumo de agua y su incidencia en la sostenibilidad de Sela Oruro 2024 /c Adriana Grace Argandoña Hurtado, María Soledad Sánchez Calizaya aOruro:bs/n,c2025. a74 hojas ;bilus, gráf. ;c28.5 cm, aIncluye bibliografía, anexos. aTrabajo Dirigido, (Licenciatura) -- Universidad Técnica de Oruro, Facultad de Ciencias Económicas, Financieras y Administrativas, Carrera Ingeniería Comercial, 2025. aEl presente trabajo analiza las pérdidas en micromedición y su incidencia en la sostenibilidad de SeLa Oruro, una Empresa dedicada a la provisión de servicios de agua potable y alcantarillado. A través de un modelo de simulación basado en dinámica de sistemas, se evaluó el impacto de factores como el desgaste de los medidores, el subregistro, las fugas visibles y no visibles, y el consumo no autorizado en los ingresos de la empresa del año 2024. Los resultados del diagnóstico muestran que más del 60% de los medidores instalados han supero su vida útil, generando un subregistro que alcanza hasta 29.66%, mientras que el índice de agua no contabilizada se mantiene un promedio en 25.22%. Estas pérdidas afectan significativamente los ingresos operativos y la capacidad de inversión de la empresa. aMicromedición aAgua aSostenibilidad aSeLa aModelo de Simulación aSánchez Calizaya, María Soledadetutor 2ddccTEn0 c16183d16183